00484nam a22001817a 450000500170000001000130001702000220003003500130005203700160006504000120008108200130009310000150010624500650012126000290018630000440021565000310025965000120029020170124110233.0 aA-248636 c00.00a0904681351 aA-248636 bCen Lib/Ret aDPLbEN a910bSMA aSmart, Ted aEngland :cby Ted Smartba picture book to remember her by / aNew YorkbCrescentc1978 aVarious pagings. :c26cm(Hb)bcol. ill. aEngland -- Pictorial works aEngland